000 01990cam a22005174i 4500
003 PE-LiUPU
005 20250731173538.0
008 150616s r 000 0 d
020 _a156233140X
035 _a(Sirsi) i9781562331405
040 _aPE-LiUPU
_bspa
_cPE-LiUPU
_erda
049 _aPRUA
082 0 4 _b
_221
100 1 _aWebber, Robert E.,
_eautor.
245 1 0 _aMusic and The Arts in Christian Worship.
264 1 _aNashville, Tennessee :
_bStar Song Publishing Group,
_c1994.
300 _aVarias páginas :
_bilustraciones ;
_c28 centímetros
336 _atext
_2rdacontent
337 _aunmediated
_2rdamedia
338 _avolume
_2rdacarrier
490 0 _aThe Complete Library of Christian Worship ;
_v4:2
504 _aBibliografía al final de capáginas
505 0 _aMusic and the arts among the churches.- Music in worship- The visual arts in worship
526 _aSEG42
526 _aSEG41
526 _aSEG40
526 _aSEG39
526 _aP94
526 _aP87
526 _aP86
526 _aP85
526 _aP77
526 _aP76
526 _aP35
650 0 4 _aMUSICA EN LA ADORACION - TEOLOGIA.
910 _ajck
_bjvq
_cjck
942 _2ddc
_cBOOK
949 _a264.009 W35
_wDEWEY
_c1
_i47153
_lCCODEBUL1
_mBUL
_r0
_sY
_tBOOK
_u2015-4-23
_xTEOLOGIA
_zUNKNOWN
_0COMPRA
_o.STAFF. Colección General
949 _a264.009 W35
_wDEWEY
_c2
_i42505
_lCCODEBUL1
_mBUL
_r0
_sY
_tBOOK
_u2015-6-16
_xTEOLOGIA
_zUNKNOWN
_0COMPRA
_o.STAFF. Colección General
994 _aC0
_bPEPRU
596 _a1
999 _a264.009 W35
_wDEWEY
_c60337
_i47153
_f2021-11-10
_g5
_lCCODEBUL1
_mBUL
_r0
_sY
_tBOOK
_u2015-4-23
_xTEOLOGIA
_zUNKNOWN
_0COMPRA
_o.STAFF. Colección General
_d60337
999 _a264.009 W35
_wDEWEY
_c2
_i42505
_f2021-11-10
_g5
_lCCODEBUL1
_mBUL
_r0
_sY
_tBOOK
_u2015-6-16
_xTEOLOGIA
_zUNKNOWN
_0COMPRA
_o.STAFF. Colección General
980 _81
_gALBERTO SANCHEZ Responsable de Automatización